000 00788nas a2200241 4500
001 BR9901697
003 BR-BrBNA
005 20231205101336.0
007 ta
008 230509b bl.|||p| |||| 00| 00por d
040 _aBR-BrBNA
_bpor
_cBiblioteca Nacional de Agricultura
041 _a(Pt)
072 _aL70
100 1 _aLima, R.M.G.
100 1 _aGuimaraes, S.E.F.
100 1 _aPinheiro, L.E.L.
245 1 _aFatores que afetam a amplificacao de DNA pela tecnica de RAPD (random amplified polymorphic DNA)
650 _aBovino
650 _aAnalise de Laboratorio
773 0 _tArquivo Brasileiro de Medicina Veterinaria e Zootecnia (Brazil)
_xISSN 0102-0935
_g(Aug 1998), v. 50(4) p. 401-407
_wBR9901697
909 _a202311
_bLúcia
_c55
_dLúcia Elande
942 _2AGRIS
_n0
_cANA
999 _c161254
_d161254